书目信息 |
| 题名: |
房屋结构设计
|
|
| 作者: | 黄双华 主编 | |
| 分册: | ||
| 出版信息: | 重庆 重庆大学出版社 2001.12 |
|
| 页数: | 296页 | |
| 开本: | 26cm | |
| 丛书名: | ||
| 单 册: | ||
| 中图分类: | TU22-43 | |
| 科图分类: | ||
| 主题词: | 建筑构造--结构设计 | |
| 电子资源: | ||
| ISBN: | 7-5624-2452-7 | |
| 000 | 00565nam0 2200193 45 | |
| 001 | 0257698571 | |
| 005 | 2002061016013857 | |
| 010 | @a7-5624-2452-7@dRMB 26.00 | |
| 100 | @a20020610d2001 km y0chiy0120 ea | |
| 101 | 0 | @achi |
| 102 | @aCN@b420000 | |
| 200 | 1 | @a房屋结构设计@Afang wu jie gou she ji@f黄双华主编@Fhuang shuang hua zhu bian |
| 210 | @a重庆@c重庆大学出版社@d2001.12 | |
| 215 | @a296页@d26cm | |
| 606 | 0 | @a建筑构造@x结构设计 |
| 690 | @aTU22-43@v3 | |
| 701 | 0 | @a黄双华@Ahuang shuang hua@4主编 |
| 801 | 0 | @aCN@bPFT@c20020610 |
| 905 | @a10447@dTU22-43@eH880 | |
| 房屋结构设计/黄双华主编.-重庆:重庆大学出版社,2001.12 |
| 296页;26cm |
| ISBN 7-5624-2452-7:RMB 26.00 |
| ● |
| 相关链接 |
|
|
|
正题名:房屋结构设计
索取号:TU22-43/H880
 
预约/预借
| 序号 | 登录号 | 条形码 | 馆藏地/架位号 | 状态 | 备注 |
| 1 | 361424 | 203614240 | 建筑库101/101建筑库 46排6列4层/ [索取号:TU22-43/H880] | 在馆 | |
| 2 | 361425 | 203614259 | 建筑库101/101建筑库 46排6列4层/ [索取号:TU22-43/H880] | 在馆 | |
| 3 | 361426 | 203614268 | 建筑库101/101建筑库 46排6列4层/ [索取号:TU22-43/H880] | 在馆 |